000 00765nam a2200265Ia 4500
003 OSt
005 20220928113555.0
006 a|||||r|||| 00| 0
007 ta
008 220927b |||||||| |||| 00| 0 eng d
020 _c150
024 _a115207
037 _b207, 10/02/2012, Classic Book Service
_cTextual
040 _aSDCL
_cSDCL
_beng
041 _2eng
_aeng
082 _aD6,8(B289C++), P0 P0;1
100 _aKutti N S
245 0 _aData structures in C++.
260 _aNew Delhi
_bPHI Learning
_c2000
300 _avii,207p
_ccm.
650 _aI I C
700 _a Padhye P Y
942 _hD6,8(B289C++), P0 P0;1
_cTEXL
_2CC
999 _c750312
_d750312